Régimen de estímulo fiscal para la construcción de viviendas sociales (Registro nro. 35034)

Detalles MARC
000 -LEADER
fixed length control field 00377 a2200121 4500
001 - CONTROL NUMBER
control field ART_49465
005 - DATE AND TIME OF LATEST TRANSACTION
control field 20260410162042.0
008 - FIXED-LENGTH DATA ELEMENTS--GENERAL INFORMATION
fixed length control field 260409a
100 1# - MAIN ENTRY--PERSONAL NAME
Personal name Santacruz, Lidia M.
245 10 - TITLE STATEMENT
Title Régimen de estímulo fiscal para la construcción de viviendas sociales
700 1# - ADDED ENTRY--PERSONAL NAME
Personal name Ferraro, Ricardo H.
773 0# - HOST ITEM ENTRY
Title Impuestos
Related parts - N°56 (jul. 2019)
Record control number REV45175

No hay ítems disponibles.